02307cam a2200325 a 45000010009000000050017000090080041000260100017000670200025000840400018001090500023001270820019001501000030001692450155001992600053003543000035004075000034004425040064004765201039005406500026015796500047016056500023016526500020016756500017016958560081017129060045017939420012018389990017018509520114018671568133920170105102920.0090331r20082007dcuab b 001 0 eng  a 2009292499 a9781426202803 (pbk.) aDLCcDLCdDLC00aDS36.85b.M75 200800a909/.097672221 aMorgan, Michael Hamilton.10aLost history :bthe enduring legacy of Muslim scientists, thinkers, and artists /cMichael Hamilton Morgan ; [foreword by King Abdullah II of Jordan]. aWashington, D.C. :bNational Geographic,c[2008] a301 p. :bill., maps ;c23 cm. aOriginally published in 2007. aIncludes bibliographical references (p. 293-295) and index. aAuthor Morgan reveals how early Muslim advancements in science and culture lay the cornerstones of the European Renaissance, the Enlightenment, and modern Western society. As he chronicles the Golden Ages of Islam, beginning in 570 a.d. with the birth of Muhammad, and resonating today, he introduces scholars like Ibn Al-Haytham, Ibn Sina, Al-Tusi, Al-Khwarizmi, and Omar Khayyam--empirical thinkers who revolutionized the mathematics, astronomy, and medicine of their time and paved the way for Newton, Copernicus, and many others. And he reminds us that inspired leaders from Muhammad to Suleiman the Magnificent championed religious tolerance, encouraged intellectual inquiry, and sponsored brilliant artistic, architectural, and literary works. For anyone seeking to understand the major role played by the early Muslim world in influencing modern society, this book provides new insight not only into Islam's historic achievements but also the ancient resentments that fuel today's bitter conflicts.--From publisher description. 0aIslamic civilization. 0aCivilization, WesternxIslamic influences. 0aMuslim scientists. 0aMuslim artists. 0aRenaissance.413Table of contents onlyuhttp://www.loc.gov/catdir/toc/fy0906/2009292499.html a7bcbccorigcopd2encipf20gy-gencatlg 2ddccBK c15548d15548 001040708NFICaCIPSbCIPScGENd2013-10-01l0o909.09767 MIC 2008pCIPS0001365r2013-12-04w2013-12-04yBK